Riconosci l'Anno dagli eventi - Quiz n°502 - Statistics

Statistiche generali
  • Questo quiz è stato fatto 6 volte
  • Il punteggio medio è 6 su 8
Statistiche sulle risposte
Indizio Risposta % Corretto
A 17 gennaio – Editto di St. Germain: in Francia viene sancito il riconoscimento degli ugonotti, ai quali viene data libertà di riunirsi solo fuori delle città e di celebrare i riti religiosi solo nelle case private.
100%
B 1º marzo – Strage di Wassy: un gruppo di ugonotti viene massacrato durante una funzione religiosa dai seguaci del duca di Guisa, determinando così la guerra civile.
100%
C 30 aprile – Una spedizione esplorativa francese, guidata dal capitano e corsaro Jean Ribaut, sbarca in Florida, dove fonda un avamposto: Charlesfort (così chiamato in onore del re Carlo IX).
100%
E 19 ottobre – Naufragio de La Herradura, una violenta tempesta affonda venticinque galee spagnole, nel disastro persero la vita 5000 persone .
67%
F 20 ottobre – Reggio Calabria: una forte scossa sismica fa sprofondare Punta Calamizzi, l'antica foce del Calopinace, privando per quasi tre secoli la città del suo porto naturale.
67%
D 24 agosto – ad Ávila Teresa di Gesù fonda il primo monastero delle Carmelitane Scalze.
67%
G Alessio Fontana fonda il collegio degli studi di Sassari che solo nel **** diverrà Università.
67%
Anno 1562
0%
Nessun quiz corrispondente trovato
Distribuzione punteggi
Percentuale di utenti per punteggio
Percentile per numero di risposta
I tuoi punteggi nel tempo
Non hai fatto questo quiz